Gloves: Online printing techniques for glove identification (Record no. 60007)

MARC details
000 -LEADER
fixed length control field 00315nam a2200109Ia 4500
245 #0 - TITLE STATEMENT
Title Gloves: Online printing techniques for glove identification
260 ## - PUBLICATION, DISTRIBUTION, ETC. (IMPRINT)
Name of publisher Indian Rubber and Plastics Age
Year of publication 1993
300 ## - PHYSICAL DESCRIPTION
Number of Pages 21-24
650 ## - SUBJECT ADDED ENTRY--TOPICAL TERM
Topical Term Glove identification
942 ## - ADDED ENTRY ELEMENTS (KOHA)
Koha item type Journals
Holdings
Withdrawn status Lost status Damaged status Not for loan Home library Current library Shelving location Date acquired Serial Enumeration / chronology Koha item type
      Journals RRII Library RRII Library Agricultural economics 17/12/2021 Volume 29, Issue 1 Journals